000 00559nam a2200229Ia 4500
003 OSt
005 20221005120009.0
006 a|||||r|||| 00| 0
007 ta
008 221004b |||||||| |||| 00| 0 eng d
024 _a33867
037 _cTextual
040 _aCRL
_cCRL
_beng
041 _2eng
_aeng
082 _aN52:J, F1
100 _aBinyon Laurence
_951006
245 0 _aCourt painters of the grand moguls
260 _c1921
650 _aARTS
942 _hN52:J, F1
_cTEXL
_2cc
999 _c1036511
_d1036511